Statistiques concernant Petit Bac #65 - Métro Parisien

Cliquez ici pour prendre le quiz!

Statistiques générales

  • Ce quiz a été pris 3 625 fois
  • Le résultat moyen est 15 sur 22

Statistiques - réponses

1ère lettreStation% Correct
CCadet / Cambronne / Campo-Formio / Cardinal Lemoine / Carrefour Pleyel / Censier - Daubenton / Champs-Elysées - Clemenceau / Chardon-Lagache / Charenton - Écoles / Charles de Gaulle - Etoile / Charles Michels / Charonne / Château d'Eau / Château de Vincennes / Château-Landon / Château Rouge / Châtelet / Châtillon - Montrouge / Chaussée d'Antin - La Fayette / Chemin Vert / Chevaleret / Cité / Cluny - La Sorbonne / Colonel Fabien / Commerce / Concorde / Convention / Corentin Cariou / Corentin Celton / Corvisart / Cour Saint-Émilion / Courcelles / Couronnes / Créteil - L'Échat / Créteil - Préfecture / Créteil - Université / Crimée / Croix de Chavaux
97%
BBalard / Barbès-Rochechouart / Basilique de Saint-Denis / Bastille / Bel-Air / Belleville / Bérault / Bercy / Bibliothèque François-Mitterrand / Billancourt / Bir Hakeim / Blanche / Bobigny - Pablo Picasso / Bobigny - Pantin - Raymond Queneau / Boissière / Bolivar / Bonne-Nouvelle / Botzaris / Boucicaut / Boulogne - Jean Jaurès / Boulogne - Pont de Saint-Cloud / Bourse / Bréguet - Sabin / Brochant / Buttes Chaumont / Buzenval
93%
PPalais Royal - Musée du Louvre / Parmentier / Passy / Pasteur / Pelleport / Père Lachaise / Pereire / Pernety / Philippe Auguste / Picpus / Pierre et Marie Curie / Pigalle / Place d'Italie / Place de Clichy / Place des Fêtes / Place Monge / Plaisance / Pointe du Lac / Poissonnière / Pont Cardinet / Pont de Levallois - Bécon / Pont de Neuilly / Pont de Sèvres / Pont Marie / Pont Neuf / Porte d'Auteuil / Porte d'Italie / Porte d'Ivry / Porte d'Orléans / Porte Dauphine / Porte de Bagnolet / Porte de Champerret / Porte de Charenton / Porte de Choisy / Porte de Clichy / Porte de Clignancourt / Porte de la Chapelle / Porte de la Villette / Porte de Montreuil / Porte de Pantin / Porte de Saint-Cloud / Porte de Saint-Ouen / Porte de Vanves / Porte de Versailles / Porte de Vincennes / Porte des Lilas / Porte Dorée / Porte Maillot / Pré-Saint-Gervais / Pyramides / Pyrénées
91%
AAbbesses / Alésia / Alexandre Dumas / Alma - Marceau / Anatole France / Anvers / Argentine / Arts et Métiers / Assemblée nationale / Aubervilliers - Pantin - Quatre Chemins / Avenue Émile-Zola / Avron
86%
GGabriel Péri / Gaîté / Gallieni / Gambetta / Gare d'Austerlitz / Gare de l'Est / Gare de Lyon / Gare du Nord / Garibaldi / George V / Glacière / Goncourt / Grands Boulevards / Guy Môquet
85%
MMabillon / Madeleine / Mairie d'Issy / Mairie d'Ivry / Mairie de Clichy / Mairie de Montreuil / Mairie de Montrouge / Mairie de Saint-Ouen / Mairie des Lilas / Maisons-Alfort - Les Juilliottes / Maisons-Alfort - Stade / Maison Blanche / Malakoff - Plateau de Vanves / Malakoff - Rue Étienne-Dolet / Malesherbes / Maraîchers / Marcadet - Poissonniers / Marcel Sembat / Marx Dormoy / Maubert - Mutualité / Ménilmontant / Michel-Ange - Auteuil / Michel-Ange - Molitor / Michel Bizot / Mirabeau / Miromesnil / Monceau / Montgallet / Montparnasse - Bienvenüe / Mouton-Duvernet
85%
SSaint-Ambroise / Saint-Augustin / Saint-Denis - Porte de Paris / Saint-Denis - Université / Saint-Fargeau / Saint-François-Xavier / Saint-Georges / Saint-Germain-des-Prés / Saint-Jacques / Saint-Lazare / Saint-Mandé / Saint-Marcel / Saint-Michel / Saint-Ouen / Saint-Paul / Saint-Philippe du Roule / Saint-Placide / Saint-Sébastien - Froissart / Saint-Sulpice / Ségur / Sentier / Sèvres - Babylone / Sèvres - Lecourbe / Simplon / Solférino / Stalingrad / Strasbourg - Saint-Denis / Sully - Morland
85%
LLa Chapelle / La Courneuve / La Défense / La Fourche / La Motte-Picquet - Grenelle / La Muette / La Tour-Maubourg / Lamarck - Caulaincourt / Laumière / Le Kremlin-Bicêtre / Le Peletier / Ledru-Rollin / Les Agnettes / Les Courtilles / Les Gobelins / Les Halles / Les Sablons / Liberté / Liège / Louis Blanc / Louise Michel / Lourmel / Louvre-Rivoli
82%
RRambuteau / Ranelagh / Raspail / Réaumur - Sébastopol / Rennes / République / Reuilly - Diderot / Richard-Lenoir / Richelieu-Drouot / Riquet / Robespierre / Rome / Rue de la Pompe / Rue des Boulets / Rue du Bac / Rue Saint-Maur
81%
OOberkampf / Odéon / Olympiades / Opéra / Ourcq
77%
DDanube / Daumesnil / Denfert-Rochereau / Dugommier / Dupleix / Duroc
70%
VVaneau / Varenne / Vaugirard / Vavin / Victor Hugo / Villejuif - Léo Lagrange / Villejuif - Louis Aragon / Villejuif - Paul Vaillant-Couturier / Villiers / Volontaires / Voltaire
68%
NNation / Nationale / Notre-Dame-de-Lorette / Notre-Dame-des-Champs
66%
JJacques Bonsergent / Jasmin / Jaurès / Javel - André Citroën / Jourdain / Jules Joffrin / Jussieu
65%
TTélégraphe / Temple / Ternes / Tolbiac / Trinité - d'Estienne d'Orves / Trocadéro / Tuileries
63%
EÉcole Militaire / École vétérinaire de Maisons-Alfort / Edgar Quinet / Église d'Auteuil / Église de Pantin / Esplanade de la Défense / Étienne Marcel / Europe / Exelmans
59%
IIéna / Invalides
59%
FFaidherbe - Chaligny / Falguière / Félix Faure / Filles du Calvaire / Fort d'Aubervilliers / Franklin D. Roosevelt / Front Populaire
57%
WWagram
49%
HHavre - Caumartin / Hoche / Hôtel de Ville
45%
QQuai de la Gare / Quai de la Rapée / Quatre-Septembre
39%
KKléber
35%

Distribution des résultats

Percentile par nombre de réponses

% des personnes avec chaque résultat

Votre développement - résultats

Vous n’avez pas pris ce quiz